| 000 | 01238nam a2200313 c 4500 | ||
|---|---|---|---|
| 999 |
_c89162 _d89162 |
||
| 003 | BLK | ||
| 005 | 20220224093636.0 | ||
| 008 | 180408b bul|||||r ||||||| ||bul|| | ||
| 010 | _aKNG00093857000 | ||
| 020 | _a978-954-9972-95-5 | ||
| 040 | _aBLK | ||
| 041 |
_aBUL _cBUL |
||
| 072 | 7 |
_2bullib _aК _xКраезнание |
|
| 080 |
_aБългарска литература _b821.163.2 _x-1 _z821.163.2-1 |
||
| 100 | 1 |
_aБакалова, Венета Георгиева _eпърви автор _9280568 |
|
| 139 |
_aБакалова, Венета Георгиева _bБ 16 |
||
| 245 | 1 | 0 |
_aЗвезда над Витлеем _bСакрална лирика и други _cВенета Георгиева Бакалова; худож. Венета Георгиева Бакалова. |
| 257 | _aBGR | ||
| 260 |
_bПримакс _c2009 |
||
| 300 |
_a62 с. _bс ил. _c20 см |
||
| 380 | _aX | ||
| 659 | _aК | ||
| 700 | 1 |
_aБакалова, Венета Георгиева _eхудож. _9373368 |
|
| 852 | _aЦб 246793 | ||
| 852 | _aК 821.163.2/Б 16 В | ||
| 856 | 4 | _qpdf | |
| 856 | 4 | _qpdf | |
| 942 |
_cKNG _n0 _s1 |
||
| 944 |
_aCR _c27.01.2010 _lф / _kВаля_Йорданова |
||
| 944 |
_aED _c25.05.2015 _lф / _kВалентина_Караджова |
||
| 999 | _d89162 | ||